000 00299nam a2200109Ia 4500
008 171211s9999 xx 000 0 und d
245 _aCasual Bead Elegance, Stitch by Stitch
245 _cEve Leder
260 _c2016
650 _xHobbies
856 _uhttp://down.ebook777.com/064/9781627003124.pdf
999 _c350323
_d350323